000 00724cab a22001935a 4500
001 L140820
008 071012e20071005xxk f 000 0 eng d
035 _a(Sirsi) u140820
041 0 _aeng
100 1 _aPrince, Sue
245 0 0 _aAfter the floods
260 _c2007
490 _aNew Law Journal
_v157(7291) 5 October 2007, 1368-1369(2)
520 _aExplains how bespoke mediation schemes for extreme weather-related damage can facilitate co-operation and the timely processing of claims.
590 _aKA
651 4 _aInternational
690 _aMANAGEMENT-DISPUTE AVOIDANCE, MANAGEMENT AND RESOLUTION-DISPUTE MANAGEMENT AND RESOLUTION-ALTERNATIVE DISPUTE RESOLUTION-ASSISTED NEGOTIATION-MEDIATION
942 _n0
999 _c79359
_d79359